Представление документа в формате RUSMARC

ПолеНазваниеЗначение
  Тип записи a
  Библиографический уровень m
001 Контрольный номер RU/CBS_UL/BASE/660836416
005 Дата корректировки 20240209174940.6
010 Индекс ISBN __
a ISBN
b Уточнения в пер.
d Цена 64 р. 37 к.
9 Тираж экз.
100 Данные общей обработки __
a Данные общей обработки 20201209d2020 ||| 0rusy0189 ca
101 Язык документа 0_
a Язык текста rus
102 Страна публикации __
a Страна публикации RU
105 Кодированные данные (монография) __
a Кодированные данные (монография) y###||||000|y
181 Поле кодированных данных: вид содержания _1
a Код вида содержания (ISBD) i#
b Код характеристики содержания (ISBD) #xxe##
d i
g x
h x
i e
182 Поле кодированных данных: тип средства _1
a Код типа средства (ISBD) n
2 Код системы (источник кода, отличный от ISBD) isbdmedia
200 Заглавие и сведения об ответственности 1_
a Заглавие Лермонтов
b Общее обозначение материала Текст
e Сведения, относящиеся к заглавию воспоминания, письма, дневники...
f Первые сведения об ответственности П. Е. Щеголев
w Текст (визуальный) : непосредственный
203 Вид содержания и тип средства __
a Вид содержания Текст
b Характеристика содержания визуальный
c Тип средства непосредственный
210 Выходные данные 1_
a Место издания Москва
c Издательство Аграф
d Дата издания 1999
215 Физическое описание __
a Объем 528 с.
d Формат см.
225 Серия 0_
a Серия Литературная мастерская
300 Общие примечания __
a Общие примечания Под инв. номером 68010: 8-1
333 Примечание о целевом назначении __
a Примечание о целевом назначении 12+
600 Персоналии _0
a Персоналии (Фамилия) Лермонтов
b Персоналии (Имя, инициалы) М. Ю.
606 Тематические рубрики 0_
a Основная рубрика Лермонтов, Михаил Юрьевич (1814-1841)
610 Ключевые слова 0_
a Ключевые слова писатели русские
a Ключевые слова классики
a Ключевые слова жизнь
a Ключевые слова творчество
a Ключевые слова произведения
a Ключевые слова воспоминания
686 Индексы других классификаций __
a Классификационный индекс 83.3(2Рос=Рус)1
2 Код системы rubbk
700 Автор _0
a Фамилия Щеголев
b Имя (инициалы) Павел Елисеевич
g Полное личное имя П. Е.
801 Источник записи _0
a Страна RU
b Организация МБУК ЦБС
c Дата составления 20201209
g Правила каталогизации RCR
801 Источник записи _1
a Страна RU
b Организация МБУК ЦБС г. Ульяновска
c Дата составления 20201209
g Правила каталогизации RCR
899 Данные о местонахождении __
i Авторский знак Щ 34
j Расстановочный фильтр 83.3(2Рос=Рус)1
901 Тип документа __
t Тип документа m
910 Корректоры записи __
a Корректор записи Тургенева